Misteri mumia berbisik

Bibliographic Details
Main Author: Badrul Hisham, Nurul Jannah
Corporate Author: Title
Format: Book
Published: Kuala Lumpur : Penerbitan Fargoes , 2001, 2010
Series:Siri 3 penyiasat
Subjects:

MARC

LEADER 00000cam a2200000 7i4500
001 0000002614
005 20160720.0
008 070713
020 |a 9789673074525 
020 |a 9831513843 
090 0 0 |a JF   |b AD MAL (3526) 
100 0 |a Badrul Hisham, Nurul Jannah 
245 1 0 |a Misteri mumia berbisik   |c Badrul Hisham, Nurul Jannah 
260 |a Kuala Lumpur :   |b Penerbitan Fargoes ,   |c 2001, 2010 
440 |a Siri 3 penyiasat 
500 |a Children ages 7-9 years old (orange) 
650 0 |a Adventure 
650 0 |a Junior fiction   |x Malay   |x Languages 
710 0 |a Title 
999 |a 0000090235   |b Book   |c Children Collection   |e Cawangan Taman Universiti 
999 |a 0000867374   |b Book   |c Children Collection   |e Cawangan Segamat 
999 |a 0000867375   |b Book   |c Children Collection   |e Cawangan Segamat 
999 |a 0000881654   |b Book   |c Children Collection   |e Cawangan Taman Universiti 
999 |a 0000881655   |b Book   |c Children Collection   |e Cawangan Pontian 
999 |a 0000881656   |b Book   |c Children Collection   |e Cawangan Segamat 
999 |a 0000969046   |b Book   |c Children Collection   |e Perbadanan Perpustakaan Awam Johor 
999 |a 0000969047   |b Book   |c Children Collection   |e Cawangan Bandar Penawar 
999 |a 0000969048   |b Book   |c Children Collection   |e Cawangan Bukit Gambir 
999 |a 0000969049   |b Book   |c Children Collection   |e Perbadanan Perpustakaan Awam Johor 
999 |a 0001091844   |b Book   |c Children Collection   |e Cawangan Segamat 
999 |a 0001091869   |b Book   |c Children Collection   |e Cawangan Segamat 
999 |a 0001091885   |b Book   |c Children Collection   |e Cawangan Bukit Gambir 
999 |a 0001091901   |b Book   |c Children Collection   |e Cawangan Taman Sri Lambak 
999 |a 0001091917   |b Book   |c Children Collection   |e Cawangan Mersing 
999 |a 0001091933   |b Book   |c Children Collection   |e Cawangan Pontian 
999 |a 0001091972   |b Book   |c Children Collection   |e Cawangan Bandar Penawar 
999 |a 0001092029   |b Book   |c Children Collection   |e Cawangan Kota Tinggi 
999 |a 0001092036   |b Book   |c Children Collection   |e Cawangan Muar 
999 |a 0001092068   |b Book   |c Children Collection   |e Cawangan Taman Universiti 
999 |a 0001092093   |b Book   |c Children Collection   |e Cawangan Taman Universiti 
999 |a 0001092157   |b Book   |c Children Collection   |e Cawangan Pontian 
999 |a 0001092173   |b Book   |c Children Collection   |e Cawangan Kota Tinggi 
999 |a 0001092196   |b Book   |c Children Collection   |e Cawangan Bukit Gambir 
999 |a 0001092253   |b Book   |c Children Collection   |e Cawangan Tmn. Ungku Tun Aminah 
999 |a 0001094291   |b Book   |c Children Collection   |e Cawangan Taman Universiti 
999 |a 0001094307   |b Book   |c Children Collection   |e Cawangan Mersing 
999 |a 0001094330   |b Book   |c Children Collection   |e Cawangan Bukit Gambir 
999 |a 0001094362   |b Book   |c Children Collection   |e Cawangan Taman Universiti 
999 |a 0001094378   |b Book   |c Children Collection   |e Cawangan Kota Tinggi 
999 |a 0001094410   |b Book   |c Children Collection   |e Cawangan Segamat 
999 |a 0001094427   |b Book   |c Children Collection   |e Cawangan Bandar Penawar 
999 |a 0001094443   |b Book   |c Children Collection   |e Cawangan Taman Sri Lambak 
999 |a 0001094491   |b Book   |c Children Collection   |e Cawangan Bukit Gambir 
999 |a 0001094507   |b Book   |c Children Collection   |e Cawangan Bandar Tenggara 
999 |a 0001094555   |b Book   |c Children Collection   |e Cawangan Pontian 
999 |a 0001094571   |b Book   |c Children Collection   |e Cawangan Segamat 
999 |a 0001094618   |b Book   |c Children Collection   |e Cawangan Tmn. Ungku Tun Aminah 
999 |a 0001094666   |b Book   |c Children Collection   |e Cawangan Tmn. Ungku Tun Aminah 
999 |a 0001094682   |b Book   |c Children Collection   |e Cawangan Segamat 
999 |a 001094682   |b Book   |c Children Collection   |e Cawangan Segamat